000 01068nam a22002057a 4500
001 121605
008 230717s2022 xxk|||||o|||| 00| 0 eng d
041 _aeng
110 _aRoyal Institution of Chartered Surveyors
245 _aAppendix A: Concerns about valuations
_h[Electronic resource]
260 _aLondon,
_bRoyal Institution of Chartered Surveyors,
_c2022
300 _a5p.
490 _aRICS Regulation
520 _aRICS regularly receives concerns about valuations completed by its Regulated Members where the valuation is perceived to be either too high or too low. This document is intended to be read alongside Investigating and Managing Concerns and provides the reader with more detail about when RICS will consider concerns about valuations.
651 _aUnited Kingdom
690 _96273
_aValuation
710 _aRoyal Institution of Chartered Surveyors
856 _uhttps://www.rics.org/content/dam/ricsglobal/documents/standards/2022_Februry_Appendix_A_Concerns_About_Valuations_Version_1.pdf
_zAvailable free on RICS.org
942 _n0
999 _c121605
_d121605